000 00372cam a22001337a 4500
008 180718b1962 xxu||||| |||| 00| 0 eng d
082 _aB813x5433 In2
100 _aPunjab. Commission
245 _aReport of the Punjab Commission
260 _aDelhi
_bThe Manager of Publications
_c1962
300 _a16p.
500 _aChairman: S.R. Das
700 _aDas, S.R. (Chairman)
999 _c488881
_d488881